Vzorový zakladatelský plán akciové společnosti.

Zdôvodnenie významu zakladateľského plánu účastinnej spoločnosti. Potreba jeho aplikácie s ohľadom na špecifické podmienky konkrétneho postupu navrhnutého zakladateľom. Prezentácia vzoru zakladateľského plánu účastinnej spoločnosti.

Uložené v:
Podrobná bibliografia
Hlavný autor: Smrčka, J.
Médium: Kapitola
Jazyk:Czech
Predmet:
Tagy: Pridať tag
Žiadne tagy, Buďte prvý, kto otaguje tento záznam!

MARC

LEADER 00000naa a2200000 4500
001 r001165
005 20220819180055.4
041 0 |a cze 
044 |a [CS] 
245 1 0 |a Vzorový zakladatelský plán akciové společnosti.  |c J. Smrčka 
520 |a Zdôvodnenie významu zakladateľského plánu účastinnej spoločnosti. Potreba jeho aplikácie s ohľadom na špecifické podmienky konkrétneho postupu navrhnutého zakladateľom. Prezentácia vzoru zakladateľského plánu účastinnej spoločnosti. 
610 2 0 |a spoločnosti akciové 
610 2 0 |a ČSFR 
610 2 0 |a predpisy právne 
100 1 |a Smrčka, J.